书目信息 |
| 书名: | American government | |
| 作者: | Abraham Holtzman, with Sylvia Holtzman. | |
| 分册号: | ||
| 分册名: | 出版地: | Englewood Cliffs, N.J. : |
|
| 出版社: | Prentice-Hall | |
| 出版时间: | c1984. | |
| 页数: | ix, 389 p. : | |
| 开本: | 24 cm. | |
| 丛书名: | ||
| 中图分类号: | ||
| 科图分类号: | ||
| 其他分类号: | D771.23 | |
| 主题词: | ||
| 电子资源: | ||
| 000 | 01039pam a2200313 a 450 | |
| 001 | E0754767101 | |
| 005 | 20070401153915.76 | |
| 008 | 830518s1984 njua 001 0 eng | |
| 010 | @a83010964 | |
| 020 | @a0130271772 (pbk.) :@cUSD25.05. | |
| 035 | @A(DLC) 83010964 | |
| 040 | @aDLC@cDLC@dDLC | |
| 043 | @an-us--- | |
| 050 | 00 | @aJK274@b.H654 1984 |
| 082 | 00 | @a320.973@2 19 |
| 090 | @aD771.23 | |
| 099 | @dD771.23@ex41=2 | |
| 100 | 1 | @aHoltzman, Abraham. |
| 245 | 10 | @aAmerican government :@bideals and reality / @cAbraham Holtzman, with Sylvia Holtzman. |
| 250 | @a2nd ed. | |
| 260 | @aEnglewood Cliffs, N.J. :@bPrentice-Hall,@cc1984. | |
| 300 | @aix, 389 p. :@bill. ;@c24 cm. | |
| 500 | @aIncludes index. | |
| 500 | @a"Constitution of the United States": p. 361-372. | |
| 651 | 0 | @aUnited States@xPolitics and government. |
| 700 | 1 | @aHoltzman, Sylvia. |
| 710 | 12 | @aUnited States.@tConstitution.@f1984. |
| 906 | @a7@bcbc@corignew@d1@eocip@f19@gy-gencatlg | |
| 991 | @bc-GenColl@hJK274@i.H654 1984@tCopy 1@wBOOKS | |
| American government : : ideals and reality / / Abraham Holtzman, with Sylvia Holtzman.-2nd ed.-Englewood Cliffs, N.J. : : Prentice-Hall, , c1984. |
| ix, 389 p. : : ill. ; ; 24 cm. |
| Includes index.-"Constitution of the United States": p. 361-372. |
| ISBN 0130271772 (pbk.) :USD25.05. |
| ● |
| 相关链接 |
|
|
|
|
正题名:American government
索取号:D771.23/x41=2
 
预约/预借
| 序号 | 登录号 | 条形码 | 馆藏地/架位号 | 状态 | 备注 |
| 1 | 0003890 | 300038901 | 第二样本阅览室/ [索取号:D771.23/x41=2] | 在馆 |